000 00865nam a2200241 a 4500
001 000017517
003 DO-SdBNP
005 20250626103820.0
007 ta
008 100326s1984 dr a 000 0 spa d
040 _aDO-SdBNP
_bspa
_cBNPHU
082 _a512
_bP438a
100 1 _aPérez Lluberes, Kreemly
_938256
245 1 0 _aÁlgebra superior /
_cKreemly Pérez Lluberes,.
260 _aSanto Domingo :
_bInstituto Tecnológico de Santo Domingo,
_c1984.
300 _a2 v. :
_bil. ;
_c28 cm.
505 2 _av.1 Algebra superior / Kreemly Pérez Llubers -- v.2 Algebra superior: libro de ejercicios / María Altagracia López Ferreira
590 _aInventariado, 2018/BT
650 4 _aÁlgebra
_xEstudio y enseñanza
_925976
650 4 _aÁlgebra
_xProblemas, ejercicios, etc.
_925976
910 _aValidado. Control de calidad. MMOLINA
942 _2ddc
_cLBS1
999 _c17042
_d17042